000
00322pab a2200145 454500
008
180718b1998 xxu||||| |||| 00| 0 eng d
100
_a
Ranade, Sudhanshu
245
_a
Hinduism, then and now
260
_c
1998
300
_a
p.2-4
362
_a
14 Nov
650
_a
Hinduism
773
_a
Young Indian
909
_a
39270
999
_c
39270
_d
39270